Practica de la palabra de Dios en varios sermones panegíricos, con doctrinas correspondientes (Record no. 8607)

MARC details
000 -CABECERA
campo de control de longitud fija 00861nam a2200205 a 4500
001 - NÚMERO DE CONTROL
campo de control BRCA_8956
005 - FECHA Y HORA DE LA ÚLTIMA TRANSACCIÓN
campo de control 20190320210454.0
008 - DATOS DE LONGITUD FIJA--INFORMACIÓN GENERAL
campo de control de longitud fija 050717s1756----sp-#######---#000-0#spa-#
041 ## - CÓDIGO DE LENGUA
Código de lengua del texto/banda sonora o título independiente spa
044 ## - CÓDIGO DEL PAÍS DE LA ENTIDAD EDITORA/PRODUCTORA
Código MARC del país sp
084 ## - OTRO NÚMERO DE CLASIFICACIÓN
Número de clasificación CO78
Número de documento/Ítem .C63 1756
100 1# - ENTRADA PRINCIPAL--NOMBRE DE PERSONA
Nombre de persona Codorniu, Antonio
Fechas asociadas al nombre 1699-1770
9 (RLIN) 21285
245 10 - MENCIÓN DE TÍTULO
Título Practica de la palabra de Dios en varios sermones panegíricos, con doctrinas correspondientes
Medio dirigida a los ministros del evangelio y dedicada al apóstol San Pablo
Mención de responsabilidad, etc. su autor el Padre Antonio Codorniu de la Compañía de Jesús...
260 ## - PUBLICACIÓN, DISTRIBUCIÓN, ETC.
Lugar de publicación, distribución, etc. Barcelona
Nombre del editor, distribuidor, etc. por Pablo Nadal impresor en la calle de la Canúda
Fecha de publicación, distribución, etc. 1756
300 ## - DESCRIPCIÓN FÍSICA
Extensión [22], 270 p.
Dimensiones 21 x 15 cm.
500 ## - NOTA GENERAL
Nota general Estado físico: presenta encuadernación en pergamino con cintas rotas y lomo semi desprendido
650 14 - PUNTO DE ACCESO ADICIONAL DE MATERIA--TÉRMINO DE MATERIA
Término de materia o nombre geográfico como elemento de entrada Iglesia católica
Subdivisión general Sermones
9 (RLIN) 21286
902 ## - CATALOGADOR
Iniciales CFM
942 ## - ELEMENTOS DE PUNTO DE ACCESO ADICIONAL (KOHA)
Fuente del sistema de clasificación o colocación Library of Congress Classification
Tipo de ítem Koha Libros
Holdings
Estado de retiro Estado de pérdida Estado dañado No para préstamo Localización permanente Ubicación/localización actual Fecha de adquisición Total de préstamos Signatura topográfica completa Código de barras Fecha visto por última vez Precio válido a partir de Tipo de ítem Koha
El ejemplar forma parte de la colección y puede ser consultado según las políticas vigentes.       Biblioteca del Museo Franz Mayer (Rogerio Casas-Alatriste) Biblioteca del Museo Franz Mayer (Rogerio Casas-Alatriste) 05/07/2017   CO78 .C63 1756 CFM00366 22/03/2019 22/03/2019 Libros